00353pab a2200133 454500008004000000100002300040245004200063260000900105300001300114362001100127650003800138650002800176773001500204180718b2012 xxu||||| |||| 00| 0 eng d aMukherjee, Amitava aHow real is the China threat to India c2012 ap.53-55. a28 Jan aIndia - Foreign relations - China aInternational relations aMainstream